00948nam a2200253Ia 450000500170000000800410001702000150005804100080007310000400008124500700012125000220019130000260021349000430023950000420028260000660032465000710039065000690046126400300053033600270056033700330058733800280062004000350064808400110068320220316235757.0121119s2002 ck gr 000 p spa  a95880896380 aspa1 aGarcía Lorca, Federicod1898-193610aRomancero gitano ; Poeta en Nueva York bFederico García Lorca aPrimera edición a188 páginas c21 cm0 aBiblioteca El Tiempo v18 Clásicos 2 aIncluye datos biográficos del autor14aGarcía Lorca, Federico d1898-1936xColecciones de escritos14aLiteratura españolaxColecciones de escritosySiglo XIX-XX2LEMB14aPoesía españolaxColecciones de escritosySiglo XIX-XX2LEMB aBogotábEl Tiempoc2002 atextobtxt2rdacontent asin mediaciónbn2rdamedia avolumenbnc2rdacarrier aCO-BoRNBPbspaerdacCO-BoRNBP aP GAR1